[Event "C.to Italiano U12 femminile"]
[Site "San Nicola Arcella ITA"]
[Date "2004.07.07"]
[Round "6"]
[White "Vocaturo, Ilaria"]
[Black "D'Auria, Marta"]
[Result "0-1"]
[WhiteElo "1574"]
[BlackElo "1550"]
[PlyCount "92"]
[EventDate "2004.07.04"]

1. d4 d5 2. Nf3 Bf5 3. Bg5 Nf6 4. e3 e6 5. Nbd2 Be7 6. Be2 O-O 7. O-O Qd6 8. c3
Nbd7 9. Qb3 Nb6 10. Ne5 h6 11. Bf4 Qd8 12. Rac1 Bd6 13. Ndf3 Ne4 14. h3 Bxe5
15. Nxe5 Nd2 16. Qb4 Nxf1 17. Rxf1 Rc8 18. Rd1 Qe8 19. Qb3 Qa4 20. Qxa4 Nxa4
21. Rd2 c5 22. Bg3 cxd4 23. exd4 Nb6 24. Bd3 Bxd3 25. Nxd3 Nc4 26. Re2 Rfe8 27.
Nb4 a5 28. Nd3 a4 29. a3 Re7 30. Nb4 f6 31. Nxd5 Ree8 32. Nf4 e5 33. dxe5 Rxe5
34. Rxe5 fxe5 35. Ng6 Re8 36. Kf1 e4 37. Nh4 Nxb2 38. Nf5 Nc4 39. Nd4 Nxa3 40.
Nf5 Nc4 41. Nd4 a3 42. Nc2 a2 43. Na1 Rd8 44. Ke1 Nb2 45. Nc2 Rd1+ 46. Ke2 a1=Q
0-1

[Event "C.to Italiano U12 femminile"]
[Site "San Nicola Arcella ITA"]
[Date "2004.07.08"]
[Round "7"]
[White "Messina, Roberta"]
[Black "Costariol, Elena"]
[Result "0-1"]
[WhiteElo "1673"]
[BlackElo "1554"]
[PlyCount "114"]
[EventDate "2004.07.04"]

1. e4 c5 2. Nf3 d6 3. d4 cxd4 4. Nxd4 Nf6 5. Nc3 a6 6. Be3 e6 7. f3 Be7 8. Qd2
b5 9. g4 Bb7 10. Rg1 Nbd7 11. h4 Ne5 12. a3 Nc4 13. Bxc4 bxc4 14. O-O-O Nd7 15.
Bg5 Bxg5 16. Qxg5 Qxg5+ 17. hxg5 h6 18. Rh1 Ke7 19. gxh6 Rxh6 20. Rxh6 gxh6 21.
Rh1 Rh8 22. g5 h5 23. Rh3 Ne5 24. Nde2 Ng6 25. Ng3 h4 26. Nge2 Bc6 27. Kd2 f6
28. gxf6+ Kxf6 29. Ke3 Ke5 30. f4+ Kf6 31. Nd4 Bd7 32. Nf3 Rh5 33. Nd4 e5 34.
fxe5+ dxe5 35. Rf3+ Kg7 36. Nde2 h3 37. Ng3 Rh8 38. Rf1 Rb8 39. Nd1 Rh8 40. Rh1
Nf4 41. Nf2 Kf6 42. Kf3 Rb8 43. Rd1 Be6 44. Rd6 Rxb2 45. Ng4+ Ke7 46. Rxa6 Ng6
47. Nf5+ Bxf5 48. exf5 Nf8 49. Nxe5 h2 50. Rh6 Rxc2 51. a4 c3 52. Nd3 Ra2 53.
f6+ Ke8 54. Kg3 Rd2 55. Nf2 c2 56. f7+ Kxf7 57. Rc6 Rxf2 0-1

[Event "C.to Italiano U12 femminile"]
[Site "San Nicola Arcella ITA"]
[Date "2004.07.09"]
[Round "8"]
[White "Messina, Roberta"]
[Black "Fustini, Chiara"]
[Result "1-0"]
[WhiteElo "1673"]
[BlackElo "1700"]
[PlyCount "81"]
[EventDate "2004.07.04"]

1. e4 e5 2. Nf3 Nf6 3. d4 Nxe4 4. Bd3 d5 5. Nxe5 Bd6 6. Qe2 O-O 7. O-O Re8 8.
Bxe4 dxe4 9. Nc4 Nc6 10. Be3 Qf6 11. Nxd6 Qxd6 12. c3 Qg6 13. Bf4 Bh3 14. Bg3
Bg4 15. Qe3 Rac8 16. Re1 h5 17. h3 Bf5 18. Nd2 Qh7 19. f3 Qg6 20. fxe4 Bxh3 21.
gxh3 h4 22. Kf2 hxg3+ 23. Qxg3 Qf6+ 24. Qf3 Qh6 25. Ke2 b5 26. Rf1 Re7 27. e5
b4 28. Rae1 Rb8 29. Qe3 Qg6 30. Qe4 Qe6 31. Rf3 f6 32. Kd1 fxe5 33. d5 Qh6 34.
dxc6 bxc3 35. Qc4+ Kh7 36. Qxc3 Qh5 37. Kc1 Rb5 38. Qd3+ e4 39. Rxe4 Qc5+ 40.
Rc4+ Kh8 41. Rf8# 1-0

[Event "C.to Italiano U16"]
[Site "San Nicola Arcella ITA"]
[Date "2004.07.04"]
[Round "1"]
[White "Lombardi, Ottavio"]
[Black "Vasile, Catalin"]
[Result "0-1"]
[WhiteElo "1529"]
[BlackElo "1739"]
[PlyCount "80"]
[EventDate "2004.07.04"]

1. d4 Nf6 2. c4 c5 3. d5 e6 4. dxe6 fxe6 5. Bg5 Be7 6. Nc3 b6 7. e3 Bb7 8. Nf3
d6 9. Be2 O-O 10. O-O d5 11. Qd2 Na6 12. cxd5 Nxd5 13. Bxe7 Qxe7 14. Rfd1 Nac7
15. a3 Rad8 16. Qc2 Nxc3 17. Qxc3 Nd5 18. Qc2 Rf6 19. Rd2 Rdf8 20. Rad1 Bc6 21.
Bd3 h6 22. Ne5 Be8 23. Bh7+ Kh8 24. Ng4 g6 25. Nxf6 Qxf6 26. Bxg6 Bxg6 27. e4
Nf4 28. Qc3 e5 29. Qe3 Rg8 30. Rd6 Qg5 31. g3 Bh5 32. R1d2 Rf8 33. h4 Qg7 34.
Kf1 Rg8 35. Rd7 Qg4 36. f3 Qh3+ 37. Kf2 Qxg3+ 38. Kf1 Qh3+ 39. Kf2 Rg2+ 40. Ke1
Qh1+ 0-1

[Event "C.to Italiano U16"]
[Site "San Nicola Arcella ITA"]
[Date "2004.07.04"]
[Round "1"]
[White "Macri', Pasquale"]
[Black "Lapenna, Michelangelo"]
[Result "0-1"]
[WhiteElo "1410"]
[BlackElo "1676"]
[PlyCount "88"]
[EventDate "2004.07.04"]

1. e4 c5 2. Nf3 d6 3. d4 cxd4 4. Nxd4 Nf6 5. Nc3 e6 6. Bb5+ Nbd7 7. O-O a6 8.
Bd3 b5 9. b4 Bb7 10. Re1 Qc7 11. Nce2 Nxe4 12. Bxe4 Bxe4 13. Ng3 Bg6 14. Nxe6
fxe6 15. Rxe6+ Be7 16. Bg5 Nf6 17. Ne2 Bf7 18. Re3 Nd5 19. Rg3 O-O 20. Bh6 Bf6
21. Rc1 Nxb4 22. Nd4 Qc5 23. c3 Rfc8 24. Qf3 Bxd4 25. Bxg7 Bxf2+ 26. Kh1 Bxg3
27. Qxg3 Bg6 28. Bd4 Qxd4 29. h3 Qe5 30. Qg4 Nxa2 31. Rc2 Rxc3 32. Rxc3 Nxc3
33. g3 Qe4+ 34. Qxe4 Nxe4 35. g4 a5 36. h4 a4 37. h5 Bxh5 38. gxh5 Ng3+ 39. Kg2
a3 40. Kxg3 a2 41. Kg4 a1=Q 42. Kf4 Qe5+ 43. Kf3 Ra4 44. Kf2 Qc3 0-1

[Event "C.to Italiano U16"]
[Site "San Nicola Arcella ITA"]
[Date "2004.07.04"]
[Round "1"]
[White "Rabaglino, Lorenzo"]
[Black "Iozzi, Gabriele"]
[Result "1/2-1/2"]
[WhiteElo "1721"]
[BlackElo "1499"]
[PlyCount "85"]
[EventDate "2004.07.04"]

1. d4 d5 2. c4 dxc4 3. Nf3 e6 4. Nc3 Nf6 5. Bg5 Be7 6. e3 Nd5 7. Bxe7 Qxe7 8.
Bxc4 Nxc3 9. bxc3 Qa3 10. Qb3 Qxb3 11. axb3 Bd7 12. Bd3 a6 13. O-O O-O 14. Rfb1
Rc8 15. b4 Nc6 16. c4 Ne7 17. Ne5 Be8 18. Be4 Rab8 19. Nd3 Bc6 20. Bxc6 Nxc6
21. Nc5 g6 22. g3 Rd8 23. b5 axb5 24. cxb5 Ne7 25. Ra7 b6 26. Na6 Rbc8 27. Rxc7
Rxc7 28. Nxc7 Rc8 29. Na6 Kf8 30. Rb2 Nd5 31. Nb4 Nxb4 32. Rxb4 Ke7 33. Rb2 Kd6
34. Kf1 Kd5 35. Ke2 f5 36. Kd3 Rc4 37. f3 Rc7 38. Rc2 Rxc2 39. Kxc2 Kc4 40. f4
Kxb5 41. Kb3 Ka5 42. g4 Kb5 43. g5 1/2-1/2

[Event "C.to Italiano U16"]
[Site "San Nicola Arcella ITA"]
[Date "2004.07.04"]
[Round "1"]
[White "Spataro, Enrico"]
[Black "Ronchetti, Niccolo'"]
[Result "0-1"]
[WhiteElo "1670"]
[BlackElo "2216"]
[PlyCount "66"]
[EventDate "2004.07.04"]

1. e4 c5 2. Nf3 Nc6 3. d4 cxd4 4. Nxd4 Nf6 5. Nc3 e5 6. Ndb5 d6 7. Bg5 a6 8.
Na3 b5 9. Nd5 Be7 10. Bxf6 Bxf6 11. c3 Bg5 12. Nc2 Rb8 13. Be2 O-O 14. O-O g6
15. f4 exf4 16. Nxf4 Bb7 17. Nd3 Ne5 18. Nxe5 dxe5 19. Bd3 Qb6+ 20. Kh1 a5 21.
Qg4 Bh6 22. Qh4 Bf4 23. a3 Rbd8 24. Rad1 Qc6 25. Qf2 f5 26. Rfe1 Rxd3 27. Rxd3
fxe4 28. Rh3 Bc8 29. Rhe3 Bxh2 30. Qh4 Bf4 31. R3e2 g5 32. Qh5 Rf6 33. Kg1 Rh6
0-1

[Event "C.to Italiano U16"]
[Site "San Nicola Arcella ITA"]
[Date "2004.07.05"]
[Round "2"]
[White "Lettieri, Giuseppe"]
[Black "Gillian, Giorgio"]
[Result "1-0"]
[WhiteElo "2144"]
[BlackElo "1685"]
[PlyCount "39"]
[EventDate "2004.07.04"]

1. d4 d5 2. c4 e6 3. Nf3 Nf6 4. Bg5 Be7 5. Nc3 Nbd7 6. e3 O-O 7. cxd5 exd5 8.
Bd3 c5 9. O-O Qc7 10. Rc1 a6 11. dxc5 Qxc5 12. Bb1 Re8 13. Qd3 g6 14. Rfd1 Qb4
15. b3 Ne5 16. Qe2 Ne4 17. Nxd5 Qa5 18. b4 Qa3 19. Nxe7+ Rxe7 20. Bxe7 1-0

[Event "C.to Italiano U16"]
[Site "San Nicola Arcella ITA"]
[Date "2004.07.05"]
[Round "3"]
[White "Brunello, Sabino"]
[Black "Laurenti, Stefano"]
[Result "1-0"]
[WhiteElo "2193"]
[BlackElo "1823"]
[PlyCount "52"]
[EventDate "2004.07.04"]

1. e4 d6 2. d4 Nf6 3. Nc3 c6 4. Be3 Nbd7 5. f3 e5 6. Qd2 b5 7. O-O-O Be7 8. g4
Qc7 9. Kb1 Nb6 10. b3 a5 11. g5 Nfd7 12. Nce2 a4 13. Nc1 Nb8 14. h4 f6 15. f4
Be6 16. Nf3 d5 17. dxe5 fxe5 18. Nxe5 N8d7 19. Nxd7 Nxd7 20. f5 Bf7 21. Bg2
dxe4 22. Bxe4 axb3 23. axb3 O-O-O 24. Qc3 Ne5 25. Bf4 Bd6 26. Rxd6 Qxd6 1-0

[Event "C.to Italiano U16"]
[Site "San Nicola Arcella ITA"]
[Date "2004.07.05"]
[Round "3"]
[White "Tomassini, Ubaldo"]
[Black "Ronchetti, Niccolo'"]
[Result "0-1"]
[WhiteElo "1718"]
[BlackElo "2216"]
[PlyCount "82"]
[EventDate "2004.07.04"]

1. e4 c5 2. Nf3 Nc6 3. d4 cxd4 4. Nxd4 Nf6 5. Nc3 e5 6. Nxc6 bxc6 7. Bd3 Rb8 8.
O-O Bc5 9. Rb1 O-O 10. Kh1 d5 11. f3 h6 12. Bd2 Nh5 13. f4 Nxf4 14. Bxf4 exf4
15. Rxf4 Bd6 16. Rf2 Qh4 17. g3 Bxg3 18. Rg2 Be5 19. exd5 Bh3 20. Re2 Bg4 21.
Qg1 Bf3+ 22. Rg2 Bxg2+ 23. Kxg2 Qg4+ 24. Kh1 Qf3+ 25. Qg2 Qxg2+ 26. Kxg2 Bxc3
27. dxc6 Rxb2 28. Rf1 Rc8 29. Be4 Rxa2 30. Rd1 Bf6 31. Rd7 Rxc6 32. Bxc6 Rxc2+
33. Kh3 Rxc6 34. Rxa7 Rc2 35. Ra8+ Kh7 36. Ra7 Kg6 37. Ra5 Bg5 38. Ra6+ f6 39.
Ra4 f5 40. Ra1 Bf4 41. Rg1+ Kf6 0-1

[Event "C.to Italiano U16"]
[Site "San Nicola Arcella ITA"]
[Date "2004.07.05"]
[Round "3"]
[White "Vocaturo, Daniele"]
[Black "Ricca, Giorgio"]
[Result "1-0"]
[WhiteElo "2221"]
[BlackElo "1793"]
[PlyCount "37"]
[EventDate "2004.07.04"]

1. e4 e5 2. Nf3 Nf6 3. d4 Nxe4 4. Bd3 d5 5. Nxe5 Bd6 6. Nc3 Bxe5 7. dxe5 Nxc3
8. bxc3 Nc6 9. O-O Ne7 10. Rb1 b6 11. Bg5 c6 12. Re1 Qc7 13. Qh5 h6 14. e6 O-O
15. Bxh6 Bxe6 16. Bf4 g6 17. Qh4 Qd8 18. Be5 f5 19. Bf6 1-0

[Event "C.to Italiano U16"]
[Site "San Nicola Arcella ITA"]
[Date "2004.07.07"]
[Round "6"]
[White "Ronchetti, Niccolo'"]
[Black "Brunello, Sabino"]
[Result "1-0"]
[WhiteElo "2216"]
[BlackElo "2193"]
[PlyCount "95"]
[EventDate "2004.07.04"]

1. e4 e5 2. Nf3 Nc6 3. Bb5 a6 4. Ba4 Nf6 5. O-O Be7 6. Re1 b5 7. Bb3 d6 8. c3
O-O 9. h3 Bb7 10. d4 Re8 11. Ng5 Rf8 12. Nf3 h6 13. Nbd2 Re8 14. Nf1 Bf8 15.
Ng3 g6 16. Nh4 d5 17. exd5 Nxd5 18. Qg4 Na5 19. Nxg6 fxg6 20. Qxg6+ Kh8 21. Bc2
Qd7 22. Rxe5 Nc4 23. Rh5 Re6 24. Qd3 Rae8 25. b3 Nd6 26. Bd2 Rf6 27. Bg5 Rfe6
28. Bd2 Qf7 29. c4 Nf6 30. d5 R6e7 31. Rh4 Nfe4 32. Rf4 Qg7 33. Rd1 Nxg3 34.
fxg3 Ne4 35. Rg4 Qf6 36. Rxe4 Rxe4 37. Bc3 Bc5+ 38. Kh2 Bd4 39. Bxd4 Qxd4 40.
Qxd4+ Rxd4 41. Rxd4 Re2 42. Bf5 Rxa2 43. c5 a5 44. c6 Ba6 45. d6 cxd6 46. Rxd6
a4 47. c7 axb3 48. Rxa6 1-0

[Event "C.to Italiano U16"]
[Site "San Nicola Arcella ITA"]
[Date "2004.07.08"]
[Round "7"]
[White "Baldelli, Alex"]
[Black "Ricchi, Luca"]
[Result "1/2-1/2"]
[WhiteElo "1766"]
[BlackElo "1673"]
[PlyCount "108"]
[EventDate "2004.07.04"]

1. d4 d5 2. Nf3 e6 3. Bg5 Nf6 4. e3 c5 5. c3 Be7 6. Bd3 Bd7 7. Ne5 Qb6 8. Qc2
Bb5 9. O-O Bxd3 10. Nxd3 Nbd7 11. Nd2 Rc8 12. Rac1 O-O 13. Ne5 Rfe8 14. Ndf3
Rc7 15. Rfd1 Nxe5 16. Nxe5 Nd7 17. Nxd7 Rxd7 18. Bxe7 Rdxe7 19. g3 Rc7 20. dxc5
Rxc5 21. Rd2 g6 22. Rcd1 Qc6 23. Rd4 Rc8 24. e4 dxe4 25. Rxe4 Rf5 26. Red4 Qb6
27. Qd2 Kg7 28. Rd6 Qc5 29. Qd4+ Re5 30. Qd2 Rc6 31. Rxc6 Qxc6 32. Qd4 Qd5 33.
Qxd5 Rxd5 34. Rxd5 exd5 35. Kf1 Kf6 36. Ke2 Ke5 37. Ke3 b5 38. h3 f5 39. f4+
Ke6 40. b4 Ke7 41. Kd3 Kd7 42. Kc2 Ke6 43. h4 h5 44. Kd1 Ke7 45. Ke2 Kd7 46.
Ke3 Ke6 47. Kf2 Ke7 48. Ke1 Ke8 49. Kd1 Kd8 50. Kc1 Kd7 51. Kb2 Kc7 52. Kb3 Kc6
53. a3 a6 54. Kc2 Kc7 1/2-1/2

[Event "C.to Italiano U16"]
[Site "San Nicola Arcella ITA"]
[Date "2004.07.08"]
[Round "7"]
[White "Borsato, Federico"]
[Black "Lombardi, Mariano"]
[Result "0-1"]
[WhiteElo "1730"]
[BlackElo "1700"]
[PlyCount "64"]
[EventDate "2004.07.04"]

1. e4 c5 2. Nf3 Nc6 3. d4 cxd4 4. Nxd4 Nf6 5. Nc3 e5 6. Ndb5 d6 7. Bd3 a6 8.
Na3 Be6 9. O-O Be7 10. Nc4 b5 11. Ne3 O-O 12. f4 exf4 13. Rxf4 Qb6 14. Kh1 Ne5
15. h3 b4 16. Ncd5 Bxd5 17. Nxd5 Nxd5 18. exd5 Bg5 19. Rf1 Bxc1 20. Rxc1 Nxd3
21. Qxd3 Rfe8 22. Qg3 Qb7 23. Rce1 g6 24. Qg5 Rac8 25. Rxe8+ Rxe8 26. Rf4 a5
27. Rc4 Re1+ 28. Kh2 Qb6 29. Qf6 Qg1+ 30. Kg3 Re3+ 31. Kh4 Qe1+ 32. Kg5 Re5+
0-1

[Event "C.to Italiano U16"]
[Site "San Nicola Arcella ITA"]
[Date "2004.07.08"]
[Round "7"]
[White "Brunello, Sabino"]
[Black "Berardi, Alessandro"]
[Result "1-0"]
[WhiteElo "2193"]
[BlackElo "1577"]
[PlyCount "59"]
[EventDate "2004.07.04"]

1. e4 e6 2. d4 d5 3. e5 c5 4. c3 Nc6 5. Nf3 Qb6 6. a3 Bd7 7. b4 c4 8. Bf4 Nge7
9. Nbd2 Ng6 10. Be3 Be7 11. h4 h5 12. g3 a5 13. Bh3 Qd8 14. Ng5 Nf8 15. Bg2 f6
16. exf6 Bxf6 17. O-O Ne7 18. Ndf3 Nfg6 19. Re1 Qc7 20. Bd2 e5 21. dxe5 Nxe5
22. Nxe5 Bxe5 23. Qe2 Bf6 24. Bxd5 Bg4 25. Qxc4 Qxc4 26. Bxc4 axb4 27. axb4 Rd8
28. Nf7 Rxd2 29. Ra8+ Bc8 30. Rxc8+ 1-0

[Event "C.to Italiano U16"]
[Site "San Nicola Arcella ITA"]
[Date "2004.07.08"]
[Round "7"]
[White "Buzzati, Francesco"]
[Black "Spataro, Stefano"]
[Result "1-0"]
[WhiteElo "1679"]
[BlackElo "1488"]
[PlyCount "85"]
[EventDate "2004.07.04"]

1. e4 e6 2. d4 d5 3. exd5 exd5 4. Bf4 Nc6 5. Nc3 a6 6. Nf3 Bb4 7. Be2 Bxc3+ 8.
bxc3 Nf6 9. O-O O-O 10. Bg5 h6 11. Bh4 Qd6 12. Bg3 Qd7 13. Re1 Ne4 14. Bd3 Nxc3
15. Qd2 Nb5 16. Bf4 Nbxd4 17. Nxd4 Nxd4 18. Bxh6 Qg4 19. Re3 Qh5 20. Rg3 Bg4
21. f3 Qxh6 22. Qxh6 gxh6 23. Rxg4+ Kh8 24. Rxd4 c6 25. Re1 Rae8 26. Kf2 Rxe1
27. Kxe1 Re8+ 28. Kf2 Kg7 29. Rb4 b5 30. a4 Rb8 31. a5 c5 32. Rf4 c4 33. Be2 b4
34. Rf5 b3 35. cxb3 cxb3 36. Rxd5 b2 37. Bd3 Rb3 38. Bb1 Ra3 39. Rd2 Rb3 40.
Ba2 b1=Q 41. Bxb1 Rxb1 42. Rd6 Rb2+ 43. Kg3 1-0

[Event "C.to Italiano U16"]
[Site "San Nicola Arcella ITA"]
[Date "2004.07.08"]
[Round "7"]
[White "Cantu', Guido"]
[Black "Caiazza, Antonio"]
[Result "1/2-1/2"]
[WhiteElo "1700"]
[BlackElo "1751"]
[PlyCount "45"]
[EventDate "2004.07.04"]

1. e4 e5 2. f4 Nc6 3. Nf3 d6 4. Nc3 Nf6 5. Bb5 exf4 6. d3 Bd7 7. Bxf4 Be7 8.
O-O Nb8 9. Bxd7+ Nbxd7 10. Ne2 c6 11. Ng3 Nc5 12. Kh1 Ne6 13. Bd2 Qb6 14. Bc3
Ng4 15. Qd2 Ne3 16. Rfe1 Ng4 17. Rf1 Qe3 18. Rad1 Qxd2 19. Bxd2 Bf6 20. c3 Nc5
21. h3 Ne5 22. d4 Nxf3 23. Rxf3 1/2-1/2

[Event "C.to Italiano U16"]
[Site "San Nicola Arcella ITA"]
[Date "2004.07.08"]
[Round "7"]
[White "Carlini, Francesco"]
[Black "Malta, Gaetano"]
[Result "1/2-1/2"]
[WhiteElo "1673"]
[BlackElo "1697"]
[PlyCount "50"]
[EventDate "2004.07.04"]

1. e4 c5 2. Nf3 e6 3. d4 cxd4 4. Nxd4 a6 5. Nc3 Qc7 6. Bd3 Nc6 7. Nf3 Bc5 8.
O-O h6 9. Qe2 Nf6 10. Be3 Bb4 11. Bd2 d6 12. a3 Bc5 13. Be3 Bxe3 14. Qxe3 O-O
15. h3 b5 16. Rfe1 Bb7 17. e5 Nd5 18. Nxd5 exd5 19. Qf4 dxe5 20. Nxe5 Rfe8 21.
Ng6 Qxf4 22. Nxf4 Ne5 23. Kf1 g5 24. Nh5 Kf8 25. Bf5 Nc4 1/2-1/2

[Event "C.to Italiano U16"]
[Site "San Nicola Arcella ITA"]
[Date "2004.07.08"]
[Round "7"]
[White "Cavatassi, Alessio"]
[Black "Laurenti, Stefano"]
[Result "1/2-1/2"]
[WhiteElo "1691"]
[BlackElo "1823"]
[PlyCount "68"]
[EventDate "2004.07.04"]

1. d4 Nf6 2. c4 e6 3. Nc3 Bb4 4. Bg5 c6 5. Nf3 Qa5 6. Qc2 d5 7. Bxf6 gxf6 8.
cxd5 cxd5 9. e3 Nc6 10. Be2 Bd7 11. Nd2 Rc8 12. Rc1 Ne7 13. O-O e5 14. Nb3 Qc7
15. Qd1 Qb8 16. Bh5 e4 17. f3 Bxc3 18. Rxc3 Rxc3 19. bxc3 Nf5 20. Qe2 exf3 21.
Qxf3 Qd6 22. Bg4 Ng7 23. Bxd7+ Qxd7 24. Qxf6 O-O 25. Rf3 Qe6 26. Qxe6 fxe6 27.
Rxf8+ Kxf8 28. Kf2 Kf7 29. Na5 b6 30. Nc6 a5 31. Na7 Ne8 32. Nb5 Kf6 33. Kf3
Kg5 34. e4 Nf6 1/2-1/2

[Event "C.to Italiano U16"]
[Site "San Nicola Arcella ITA"]
[Date "2004.07.08"]
[Round "7"]
[White "Cozzarin, Davide"]
[Black "Buchicchio, Roberto"]
[Result "1/2-1/2"]
[WhiteElo "1580"]
[BlackElo "1832"]
[PlyCount "62"]
[EventDate "2004.07.04"]

1. e4 c5 2. Nf3 Nc6 3. d4 cxd4 4. Nxd4 g6 5. Be3 Bg7 6. Nc3 Nf6 7. Bc4 d6 8.
O-O O-O 9. f3 Qb6 10. Bb3 Ng4 11. fxg4 Bxd4 12. Bxd4 Qxd4+ 13. Qxd4 Nxd4 14. g5
Nxb3 15. axb3 Be6 16. Nb5 a6 17. Nc7 Rac8 18. Nxe6 fxe6 19. c4 Rxf1+ 20. Kxf1
Rf8+ 21. Ke2 Rf4 22. Ke3 Rg4 23. Kf3 Rxg5 24. b4 d5 25. exd5 exd5 26. c5 Rf5+
27. Ke3 Kf7 28. b5 Rf6 29. Kd4 axb5 30. Ra5 b6 31. Rxb5 bxc5+ 1/2-1/2

[Event "C.to Italiano U16"]
[Site "San Nicola Arcella ITA"]
[Date "2004.07.08"]
[Round "7"]
[White "Cuculiuc, Daniel"]
[Black "Sanna, Massimo"]
[Result "0-1"]
[WhiteElo "1498"]
[BlackElo "1832"]
[PlyCount "70"]
[EventDate "2004.07.04"]

1. e4 g6 2. Nf3 Bg7 3. d4 c6 4. Nc3 d5 5. Be3 Bg4 6. Be2 e6 7. Qd2 Nd7 8. h3
Bxf3 9. Bxf3 dxe4 10. Nxe4 Ngf6 11. Qb4 Bf8 12. Qc3 Nd5 13. Qb3 Nxe3 14. Qxe3
Nf6 15. Nc3 Bg7 16. Ne2 Nd5 17. Qb3 Qe7 18. O-O O-O 19. Rfe1 Rad8 20. Rad1 Rd7
21. Rd2 Rfd8 22. Red1 Nb6 23. c3 Kh8 24. Qc2 f5 25. Re1 e5 26. Nc1 Qg5 27. Nd3
e4 28. Bxe4 fxe4 29. Rxe4 Re7 30. Rg4 Qf5 31. Rf4 Qd5 32. Nb4 Qd6 33. Nd3 Rde8
34. Rf3 Re1+ 35. Nxe1 Rxe1# 0-1

[Event "C.to Italiano U16"]
[Site "San Nicola Arcella ITA"]
[Date "2004.07.08"]
[Round "7"]
[White "Danieli, Riccardo"]
[Black "Barbieri, Giacomo"]
[Result "1-0"]
[WhiteElo "1679"]
[BlackElo "1580"]
[PlyCount "119"]
[EventDate "2004.07.04"]

1. c4 e5 2. Nc3 Nf6 3. Nf3 Nc6 4. g3 d5 5. cxd5 Nxd5 6. Bg2 Nf6 7. O-O Bd6 8.
d3 h6 9. Nd2 Bd7 10. a3 a6 11. b4 O-O 12. Bb2 Rb8 13. Nc4 Re8 14. b5 Ne7 15. b6
Bc6 16. Ne4 Nxe4 17. dxe4 Ng6 18. a4 Bc5 19. a5 cxb6 20. Qxd8 Rbxd8 21. axb6
Bb5 22. Ra5 Bb4 23. Rc1 Bxa5 24. Nxa5 Re7 25. Bh3 Rd2 26. Ba3 Re8 27. Nxb7 Rb8
28. Rc8+ Rxc8 29. Bxc8 Bd7 30. Bxd7 Rxd7 31. Nc5 Rd8 32. Nxa6 Nf8 33. Bxf8 Kxf8
34. b7 Ke7 35. b8=Q Rxb8 36. Nxb8 Kd6 37. e3 f6 38. Na6 Ke6 39. f4 exf4 40.
exf4 g5 41. Nc5+ Kd6 42. Nd3 Ke6 43. f5+ Kd6 44. Kf2 Ke7 45. g4 Kd6 46. Ke3 Ke7
47. Kd4 Kd6 48. Nb4 Ke7 49. Kc5 Kd7 50. Kd5 Ke7 51. Kc6 Kf7 52. Kd7 Kg7 53. Ke6
h5 54. h3 h4 55. Nd5 Kf8 56. Kxf6 Ke8 57. e5 Kd8 58. e6 Ke8 59. Nc7+ Kd8 60.
e7+ 1-0

[Event "C.to Italiano U16"]
[Site "San Nicola Arcella ITA"]
[Date "2004.07.08"]
[Round "7"]
[White "Della Corte, Marco"]
[Black "Drezzadore, Dario"]
[Result "1/2-1/2"]
[WhiteElo "1745"]
[BlackElo "1730"]
[PlyCount "64"]
[EventDate "2004.07.04"]

1. e4 d5 2. exd5 Nf6 3. d4 Nxd5 4. c4 Nb6 5. h3 Bf5 6. Nf3 e6 7. Be2 Nc6 8. Be3
Be7 9. O-O O-O 10. Nc3 Bf6 11. a4 Na5 12. b3 Qe7 13. g4 Bg6 14. g5 Bxd4 15.
Nxd4 Rfd8 16. Qe1 Rxd4 17. Bxd4 Nxb3 18. Rd1 Qxg5+ 19. Kh1 Bc2 20. Bxb6 cxb6
21. Rd7 Qh4 22. Bg4 f5 23. Qxe6+ Kh8 24. Bxf5 Nc5 25. Qd5 Nxd7 26. Qxd7 Bxf5
27. Qxf5 Qxc4 28. Rc1 h6 29. Qd5 Qf4 30. Rc2 Re8 31. Qd2 Qf5 32. Kg2 Re6
1/2-1/2

[Event "C.to Italiano U16"]
[Site "San Nicola Arcella ITA"]
[Date "2004.07.08"]
[Round "7"]
[White "Fagnani, Eduardo"]
[Black "Garcea, Antonio"]
[Result "1-0"]
[WhiteElo "1625"]
[BlackElo "1536"]
[PlyCount "47"]
[EventDate "2004.07.04"]

1. e4 e5 2. Nf3 Nc6 3. Nc3 Nf6 4. Bc4 h6 5. O-O Bb4 6. d3 O-O 7. Be3 d6 8. h3
Bxc3 9. bxc3 Re8 10. Nd2 a6 11. f4 d5 12. exd5 Nxd5 13. Bxd5 Qxd5 14. c4 Qd8
15. fxe5 Rxe5 16. Bf4 Rf5 17. Qg4 Qd4+ 18. Kh1 Ne7 19. Rae1 Ng6 20. Re8+ Kh7
21. Rxc8 Rxf4 22. Rxf4 Nxf4 23. Rxa8 Qf2 24. Qf5+ 1-0

[Event "C.to Italiano U16"]
[Site "San Nicola Arcella ITA"]
[Date "2004.07.08"]
[Round "7"]
[White "Ferrarese, Giacomo"]
[Black "Lelli, Adriano"]
[Result "0-1"]
[WhiteElo "1688"]
[BlackElo "1718"]
[PlyCount "88"]
[EventDate "2004.07.04"]

1. c4 Nf6 2. Nc3 g6 3. g3 Bg7 4. Bg2 O-O 5. e4 d6 6. Nge2 e5 7. O-O Nc6 8. d3
Nd4 9. Nxd4 exd4 10. Ne2 c5 11. h3 a6 12. f4 Rb8 13. g4 Nd7 14. Ng3 b5 15. b3
bxc4 16. bxc4 Bb7 17. f5 Qh4 18. Qe1 Be5 19. Bf4 Bxf4 20. Rxf4 g5 21. Rf1 Ne5
22. Rd1 Bc6 23. Nh5 Qxe1 24. Rfxe1 Rb2 25. Rb1 Rfb8 26. Nf6+ Kh8 27. Ra1 Nxd3
28. Rf1 Ne5 29. h4 Nxc4 30. hxg5 Ne3 31. Rf2 Rxf2 32. Kxf2 Rb2+ 33. Kf3 Nxg2
34. Rh1 Kg7 35. Rxh7+ Kf8 36. Rh8+ Ke7 37. Rh7 Ne1+ 38. Kg3 Rb8 39. Kf4 Nd3+
40. Kf3 Ne5+ 41. Kg3 d3 42. g6 Kxf6 43. g5+ Kxg5 44. g7 Rg8 0-1

[Event "C.to Italiano U16"]
[Site "San Nicola Arcella ITA"]
[Date "2004.07.08"]
[Round "7"]
[White "Gillian, Giorgio"]
[Black "Rostolis, Riccardo"]
[Result "1-0"]
[WhiteElo "1685"]
[BlackElo "1709"]
[PlyCount "46"]
[EventDate "2004.07.04"]

1. c4 e5 2. Nc3 f5 3. d4 exd4 4. Qxd4 Nc6 5. Qe3+ Nge7 6. Nf3 g6 7. g3 Nb4 8.
Qe5 Rg8 9. Nd5 Nbxd5 10. cxd5 Bg7 11. Qe3 Rf8 12. d6 cxd6 13. Qb3 b6 14. Bg2
Bb7 15. O-O Bd5 16. Qa3 Be5 17. Bh6 Rf7 18. Rfd1 Be4 19. Ng5 Bxg2 20. Nxf7 Kxf7
21. Kxg2 Nc6 22. Qb3+ Kf6 23. f4 Bd4 1-0

[Event "C.to Italiano U16"]
[Site "San Nicola Arcella ITA"]
[Date "2004.07.08"]
[Round "7"]
[White "Insalata, Ferdinando"]
[Black "Cillo, Pierambrogio"]
[Result "1-0"]
[WhiteElo "1703"]
[BlackElo "1703"]
[PlyCount "61"]
[EventDate "2004.07.04"]

1. e4 c5 2. d3 Nc6 3. Nf3 g6 4. g3 Bg7 5. Bg2 d6 6. O-O Nf6 7. Nbd2 O-O 8. a4
Bg4 9. h3 Bd7 10. Ne1 e5 11. Nc4 Be6 12. Ne3 Qd7 13. Kh2 Rfe8 14. f4 Nd4 15.
Ra3 Qc8 16. c3 Nc6 17. f5 Bd7 18. Nc4 Qc7 19. Bg5 gxf5 20. exf5 Na5 21. Bxf6
Bxf6 22. Qh5 Nxc4 23. Bd5 Bc6 24. Bxc4 d5 25. Bb3 Qd7 26. Nf3 Qe7 27. Raa1 Rab8
28. Rae1 b5 29. Nxe5 Bxe5 30. f6 Kh8 31. fxe7 1-0

[Event "C.to Italiano U16"]
[Site "San Nicola Arcella ITA"]
[Date "2004.07.08"]
[Round "7"]
[White "Ivaldi, Matteo"]
[Black "Pulcini, Giorgio"]
[Result "1-0"]
[WhiteElo "1541"]
[BlackElo "1551"]
[PlyCount "85"]
[EventDate "2004.07.04"]

1. d4 d5 2. Bf4 e6 3. Nf3 c5 4. Nbd2 Nc6 5. e3 c4 6. e4 Qb6 7. exd5 exd5 8. b3
Nxd4 9. Nxd4 Qxd4 10. Be3 Qc3 11. bxc4 dxc4 12. Bxc4 a6 13. O-O Bf5 14. Qe2 Ne7
15. Qf3 g6 16. Qxb7 Rc8 17. Qxa6 Bg7 18. Bb5+ Kf8 19. Rfe1 h6 20. Qb7 Bf6 21.
Nb3 Kg7 22. Bd4 Bxd4 23. Rxe7 Be6 24. Rxe6 Rb8 25. Qd7 Rxb5 26. Re7 Bxf2+ 27.
Kxf2 Qxc2+ 28. Qd2 Qf5+ 29. Kg1 Qf6 30. Rae1 Qb6+ 31. Qd4+ Qxd4+ 32. Nxd4 Ra5
33. R1e2 Rha8 34. Rf2 h5 35. Rfxf7+ Kh6 36. Nf3 Rh8 37. Ra7 Rc5 38. a4 h4 39.
Nxh4 Kg5 40. Nf3+ Kg4 41. Rfc7 Rd5 42. Rc4+ Kh5 43. Rh4# 1-0